| 000 | 00504cam a22001697a 4500 | ||
|---|---|---|---|
| 008 | 180718b2006 xxu||||| |||| 00| 0 eng d | ||
| 020 | _a8131600173 | ||
| 082 | _aB1243x54 L786 | ||
| 245 |
_aCommunal violence and minorities: Gujarat society in ferment _cedited by Lancy Lobo and Biswaroop Das |
||
| 260 |
_aJaipur _bRawat _c2006 |
||
| 300 | _a228p. | ||
| 650 | _aViolence - India | ||
| 650 | _aSecularism - India | ||
| 650 | _aCommunalism - India | ||
| 700 | _aDas, Biswaroop | ||
| 700 | _aLobo, Lancy | ||
| 999 |
_c406017 _d406017 |
||